James Clavell's Shogun Primer Quiz Stats

Quiz not verified by Sporcle

Challenge
Share
Tweet
Embed
Score 0/20 Timer 04:00
0 Plays Today
Hint Answer % Correct
Ship named for a Dutch theologianErasmus
83.6%
Japanese for word for pilotAnjin
81.8%
Annual Portuguese trade vesselBlack Ship
81.8%
Pilot and HatamotoJohn Blackthorne
80%
Enjoyed falconryToranaga
80%
Daughter of assassin Akechi JinsaiMariko
72.7%
He named a stone The Waiting BarbarianKasigi Yabu
63.6%
Carried a knife in his hatRodrigues
60%
Number of Regentsfive
56.4%
Sailor dance Toranaga learnedHornpipe
50.9%
Hint Answer % Correct
Year of Shogun publishing1975
41.8%
Died a very old manIshido
40%
Also called Old Iron FistHiromatsu
40%
Blackthornes English wifeFelicity
32.7%
Jesuit Father AlvitoMartin
27.3%
Taught Blackthorne ship buildingAlban Caradoc
27.3%
Come for the food, stay for the ninjasOsaka Castle
20%
Climactic battle siteSekigahara
20%
Crazy about Japan?Johan Vinck
16.4%
Had an eye for the ladiesBosun Pesaro
7.3%

You're not logged in!

Compare scores with friends on all Sporcle quizzes.
Join for Free
OR
Log In

You Might Also Like...

Show Comments

Extras

Created Jun 20, 2011ReportNominate
Tags:primer, relating, same

Top Quizzes Today


Score Distribution

Your Account Isn't Verified!

In order to create a playlist on Sporcle, you need to verify the email address you used during registration. Go to your Sporcle Settings to finish the process.

Report this User

Report this user for behavior that violates our Community Guidelines.

Details: